Ethik oder Religion? Ersatz füt den Religionsunterricht (Record no. 573766)
[ view plain ]
| 000 -CABECERA | |
|---|---|
| Campo de control de longitud fija | 00447nab a2200145Ia 4500 |
| 003 - IDENTIFICADOR DEL NÚMERO DE CONTROL | |
| Campo de control | ES-SlBCS |
| 005 - FECHA Y HORA DE LA ÚLTIMA TRANSACCIÓN | |
| Campo de control | 20210601132052.0 |
| 008 - CÓDIGOS DE INFORMACIÓN DE LONGITUD FIJA | |
| Campo de control de longitud fija | 140529s1999 xxu||||| |||| 00| 0 ger d |
| 041 ## - CÓDIGO DE LENGUA | |
| Código de lengua del texto/banda sonora o título independiente | ger |
| 100 1# - PUNTO DE ACCESO PRINCIPAL-NOMBRE DE PERSONA | |
| Nombre de persona | Werner, Gitta |
| 9 (RLIN) | 191373 |
| 245 00 - MENCIÓN DE TÍTULO | |
| Título | Ethik oder Religion? Ersatz füt den Religionsunterricht |
| Mención de responsabilidad, etc. | Gitta Werner |
| 650 04 - PUNTO DE ACCESO ADICIONAL DE MATERIA-TÉRMINO DE MATERIA | |
| Término de materia o nombre geográfico como elemento inicial | Ética-Religión |
| 9 (RLIN) | 161183 |
| 773 0# - ENLACE AL DOCUMENTO FUENTE | |
| Título | Neue Ordnung (Die) |
| Parte(s) relacionada(s) | vol. 53, nº. 1, 1999, págs. 98-107 |
| Número de control del registro relacionado | Rev294 |
| 942 ## - ENTRADA DE ELEMENTOS AGREGADOS (KOHA) | |
| Koha [por defecto] tipo de item | Artículos de revista |
| Suprimido | Perdido | Estropeado | No para préstamo | Localización permanente | Localización actual | Localización en estantería | Fecha adquisición | Préstamos totales | Fecha última consulta | Fecha del precio de reemplazo | Tipo de item de Koha |
|---|---|---|---|---|---|---|---|---|---|---|---|
| San Esteban | San Esteban | Depósito de revistas | 11/07/2014 | 11/07/2014 | 11/07/2014 | Artículos de revista |
